Detalles MARC
| 000 -ENCABEZADO |
| Número de control [NR] |
02075nam a22004337a 4500 |
| 005 - FECHA Y HORA DE LA ÚLTIMA TRANSACCIÓN |
| control field |
20200915123400.0 |
| 008 - DE LONGITUD FIJA DE DATOS DE ELEMENTOS - INFORMACIÓN GENERAL |
| Elementos de longitud fija [NR] |
140331s2020 ck d frf 001 0 spa d |
| 020 ## - NUMERO INTERNACIONAL NORMALIZADO PARA LIBROS [R] |
| Número Internacional Normalizado del libro [NR] |
9789587679670 (10a.Ed.) |
| 020 ## - NUMERO INTERNACIONAL NORMALIZADO PARA LIBROS [R] |
| Número Internacional Normalizado del libro [NR] |
9789587675801 (7a.Ed.) |
| 020 ## - NUMERO INTERNACIONAL NORMALIZADO PARA LIBROS [R] |
| Número Internacional Normalizado del libro [NR] |
9789587673548 (6a.Ed.) |
| 020 ## - NUMERO INTERNACIONAL NORMALIZADO PARA LIBROS [R] |
| Número Internacional Normalizado del libro [NR] |
9789587671995 (5a.Ed.) |
| 020 ## - NUMERO INTERNACIONAL NORMALIZADO PARA LIBROS [R] |
| Número Internacional Normalizado del libro [NR] |
9789587671032 (4a.Ed.) |
| 020 ## - NUMERO INTERNACIONAL NORMALIZADO PARA LIBROS [R] |
| Número Internacional Normalizado del libro [NR] |
9789587670264 |
| 020 ## - NUMERO INTERNACIONAL NORMALIZADO PARA LIBROS [R] |
| Número Internacional Normalizado del libro [NR] |
9789586539586 |
| 040 ## - FUENTE DE CATALOGACION [NR] |
| Agencia de catalogación original [NR] |
CO-BoUCM |
| Idioma de catalogación [NR] |
spa |
| Quien Cataloga |
Deissy Garcia (modificó) |
| Quien Clasifica |
[Nuevo] |
| 041 00 - CODIGO DE IDIOMA [R] |
| Código de idioma para texto/pista de sonido o título separado [R] |
Español |
| 245 00 - MENCION DE TITULO [NR] |
| Título [NR] |
Manual práctico de IVA y facturación |
| Mención de responsabilidad, etc. [NR] |
Actualizado por Carlos Giovanny Rodríguez Vásquez |
| 246 14 - FORMA VARIANTE DEL TITULO [R] |
| Título propiamente dicho/forma breve del título [NR] |
Manual práctico de IVA y facturación 2020 |
| 250 ## - MENCION DE EDICION [NR] |
| Mención de edición [NR] |
10a.Ed. |
| 260 ## - PUBLICACION, DISTRIBUCION, ETC. (PIE DE IMPRENTA) [R] |
| Lugar de publicación, distribución, etc. [R] |
Bogotá (Colombia) |
| Nombre del editor, distribuidor, etc. [R] |
Legis Editores |
| Fecha de publicación, distribución, etc. [R] |
2020 |
| 300 ## - DESCRIPCION FISICA [R] |
| Extensión [R] |
xxxvi, 320 páginas |
| Otros detalles físicos [NR] |
cuadros y tablas |
| 500 ## - NOTA GENERAL [R] |
| Nota general [NR] |
Actualizado con la reforma tributaria (L. 1607/2012) |
| 500 ## - NOTA GENERAL [R] |
| Nota general [NR] |
Incluye índice alfabético-informativo |
| 505 ## - NOTA DE CONTENIDO CON FORMATO PREESTABLECIDO [R] |
| State manifest and birth record (1764-1977). |
Declarantes bimestrales, cuatrimestrales y anuales del impuesto a la ventas. -- |
| -- |
Novedades en el proceso de solicitud de devolución y compensación en IVA de saldos a favor. -- |
| -- |
Determinación del nuevo impuesto nacional al consumo, base gravable, tarifas y responsables, entre otros. -- |
| -- |
Nuevo listado de bienes y servicios excluidos o exentos del IVA. -- |
| -- |
Tarifas y ejemplos prácticos actualizados |
| 650 #7 - ASIENTO SECUNDARIO DE MATERIA - TERMINO TEMATICO [R] |
| Término temático o nombre geográfico como elemento de entrada [NR] |
Derecho tributario |
| Subdivisión geográfica [R] |
Colombia |
| 9 (RLIN) |
38466 |
| 650 #7 - ASIENTO SECUNDARIO DE MATERIA - TERMINO TEMATICO [R] |
| Término temático o nombre geográfico como elemento de entrada [NR] |
Impuesto al valor agregado |
| Subdivisión geográfica [R] |
Colombia |
| Subdivisión de forma [R] |
Manuales |
| 9 (RLIN) |
38467 |
| 650 #7 - ASIENTO SECUNDARIO DE MATERIA - TERMINO TEMATICO [R] |
| Término temático o nombre geográfico como elemento de entrada [NR] |
Impuesto del timbre |
| Subdivisión geográfica [R] |
Colombia |
| Subdivisión de forma [R] |
Manuales |
| 9 (RLIN) |
38468 |
| 650 #7 - ASIENTO SECUNDARIO DE MATERIA - TERMINO TEMATICO [R] |
| Término temático o nombre geográfico como elemento de entrada [NR] |
Impuestos |
| Subdivisión geográfica [R] |
Colombia |
| Subdivisión de forma [R] |
Manuales |
| 9 (RLIN) |
38444 |
| 650 #7 - ASIENTO SECUNDARIO DE MATERIA - TERMINO TEMATICO [R] |
| Término temático o nombre geográfico como elemento de entrada [NR] |
Política fiscal |
| Subdivisión geográfica [R] |
Colombia |
| 9 (RLIN) |
27925 |
| 650 #7 - ASIENTO SECUNDARIO DE MATERIA - TERMINO TEMATICO [R] |
| Término temático o nombre geográfico como elemento de entrada [NR] |
Reforma tributaria |
| Subdivisión geográfica [R] |
Colombia |
| 9 (RLIN) |
27720 |
| 690 ## - ASUNTO AGREGADO LOCAL DE ENTRADA - TÉRMINO TEMÁTICO (OCLC, RLIN) |
| Acceso temático local |
Derecho Tributario |
| 9 (RLIN) |
12836 |
| 700 1# - ASIENTO SECUNDARIO - NOMBRE PERSONAL [R] |
| Nombre personal [NR] |
Rodríguez Vásquez, Carlos Giovanny |
| 9 (RLIN) |
68412 |
| 700 1# - ASIENTO SECUNDARIO - NOMBRE PERSONAL [R] |
| Nombre personal [NR] |
Alvear Aragón, Natacha Mariú |
| 9 (RLIN) |
38446 |
| 700 1# - ASIENTO SECUNDARIO - NOMBRE PERSONAL [R] |
| Nombre personal [NR] |
González Muñoz, Claudia Janeth |
| 9 (RLIN) |
38470 |
| 700 1# - ASIENTO SECUNDARIO - NOMBRE PERSONAL [R] |
| Nombre personal [NR] |
Montes Chaker, Adriana Cristina |
| 9 (RLIN) |
38469 |
| 710 2# - ASIENTO SECUNDARIO - NOMBRE CORPORATIVO [R] |
| Nombre corporativo o de jurisdicción como elemento de entrada [NR] |
Legis Editores |
| 9 (RLIN) |
28092 |
| 942 ## - ELEMENTOS DE ENTRADA AGREGADOS (KOHA) |
| Tema principal |
Derecho |
| Tipo de ítem principal el descrito en 300a |
Libro |
| Edición |
10 |
| Parte restante de la signatura top. |
M294m |
| Sistema de clasificación |
DEWEY |
| Clasificación |
343.04 |